[Event "Europa ch Femenino 2013"]
[Site "Belgrado SER"]
[Date "2013.07.23"]
[Round "1.5"]
[White "Makka, Ioulia"]
[Black "Atalik, Ekaterina"]
[Result "1/2-1/2"]
[WhiteElo "2171"]
[BlackElo "2430"]
[PlyCount "118"]
[EventDate "2013.07.23"]
[EventType "swiss"]
[EventRounds "11"]
[EventCountry "SER"]
[Source "lmi"]
[SourceDate "2013.07.22"]

1. e4 c5 2. Nf3 d6 3. d4 cxd4 4. Nxd4 Nf6 5. Nc3 Nc6 6. g3 e6 7. Bg2 Bd7 8.
Nde2 a6 9. a4 Be7 10. O-O O-O 11. h3 Nb4 12. g4 h6 13. Be3 Qc7 14. f4 e5 15.
Ng3 Nh7 16. Nf5 Bxf5 17. exf5 Bf6 18. Ra3 exf4 19. Bxf4 Be5 20. Be3 Rae8 21.
Qd2 Nf6 22. Bf3 d5 23. Rb3 Bd6 24. Kh1 Nxc2 25. Bxh6 Qc4 26. Rg1 gxh6 27. g5
Qh4 28. gxf6+ Kh8 29. Bg4 Re3 30. Qg2 Rg3 31. Qh2 Rxg1+ 32. Qxg1 Re8 33. Ne2 d4
34. Rd3 Be5 35. Rd2 Ne3 36. Nxd4 Nxg4 37. Qxg4 Qe1+ 38. Qg1 Qe4+ 39. Qg2 Qe1+
40. Qg1 Qe4+ 41. Qg2 Bxf6 42. Qxe4 Rxe4 43. Nb3 Rxa4 44. Rd7 Kg7 45. Rxb7 Bxb2
46. Nc5 Ra2 47. Nxa6 Be5 48. Nc5 Rh2+ 49. Kg1 Rxh3 50. Ne6+ Kf6 51. Nd8 Rg3+
52. Kh1 Rg7 53. Rxf7+ Rxf7 54. Nxf7 Kxf7 55. f6 Bd6 56. Kg2 Bf8 57. Kh1 Kg6 58.
f7 Kf5 59. Kg2 Kg4 1/2-1/2

[Event "Europa ch Femenino 2013"]
[Site "Belgrado SER"]
[Date "2013.07.23"]
[Round "1.6"]
[White "Melia, Salome"]
[Black "Gavasheli, Ana"]
[Result "1-0"]
[WhiteElo "2428"]
[BlackElo "2170"]
[PlyCount "118"]
[EventDate "2013.07.23"]
[EventType "swiss"]
[EventRounds "11"]
[EventCountry "SER"]
[Source "lmi"]
[SourceDate "2013.07.22"]

1. e4 d6 2. d4 Nf6 3. Nc3 g6 4. g3 Bg7 5. Bg2 O-O 6. Nge2 Nbd7 7. h3 c5 8. Be3
cxd4 9. Bxd4 Qc7 10. O-O Nc5 11. Nf4 Nfd7 12. Nfd5 Qd8 13. Bxg7 Kxg7 14. Qd4+
Kg8 15. f4 Ne6 16. Qd2 Nb6 17. f5 Nxd5 18. Nxd5 Nc7 19. Ne3 Ne8 20. Rf2 Nf6 21.
Raf1 Bd7 22. fxg6 fxg6 23. Nd5 Bc6 24. Qd4 Bxd5 25. exd5 Qb6 26. Qxb6 axb6 27.
a3 Rfc8 28. Re1 Rc7 29. c3 Ra5 30. Rd2 Kf7 31. Rd4 Rac5 32. Red1 Nd7 33. Rf4+
Kg7 34. h4 Ne5 35. Rb4 Nc4 36. Rd4 b5 37. Bf1 Ne3 38. Bd3 Nc4 39. Kf2 Rc8 40.
Bxc4 bxc4 41. Rxb7 R8c7 42. Rxc7 Rxc7 43. Ke3 Kf6 44. Ke4 e5 45. dxe6 Kxe6 46.
Rd2 Rc5 47. Rf2 h5 48. Kd4 g5 49. hxg5 Rxg5 50. Kxc4 Rxg3 51. a4 Rg8 52. a5 h4
53. a6 h3 54. Rh2 Ra8 55. Kb5 Kd7 56. b4 Rb8+ 57. Ka5 Kc6 58. a7 Rc8 59. Ka6
Kd5 1-0

[Event "Europa ch Femenino 2013"]
[Site "Belgrado SER"]
[Date "2013.07.23"]
[Round "1.7"]
[White "Ibrahimova, Sabina"]
[Black "Guramishvili, Sopiko"]
[Result "0-1"]
[WhiteElo "2168"]
[BlackElo "2421"]
[PlyCount "88"]
[EventDate "2013.07.23"]
[EventType "swiss"]
[EventRounds "11"]
[EventCountry "SER"]
[Source "lmi"]
[SourceDate "2013.07.22"]

1. e4 c5 2. Nf3 d6 3. d4 cxd4 4. Nxd4 Nf6 5. Nc3 a6 6. h3 e6 7. g4 Be7 8. Bg2
Nfd7 9. Be3 Nc6 10. O-O O-O 11. f4 Rb8 12. a4 Nxd4 13. Qxd4 b5 14. axb5 axb5
15. Rfd1 b4 16. Na4 Qc7 17. Qd2 Re8 18. Qf2 Bb7 19. Nb6 Nc5 20. Bxc5 dxc5 21.
Nc4 Rbd8 22. e5 Bd5 23. Bxd5 exd5 24. Ne3 d4 25. Nc4 Bf8 26. b3 f6 27. Qf3 fxe5
28. fxe5 g6 29. Re1 Bg7 30. e6 d3 31. Qf7+ Qxf7 32. exf7+ Kxf7 33. Ra7+ Kg8 34.
Rxe8+ Rxe8 35. cxd3 Rd8 36. Kg2 Rxd3 37. Na5 Be5 38. Ra8+ Kg7 39. Rc8 Rg3+ 40.
Kf2 Rc3 41. Rc6 Kh6 42. Re6 Bc7 43. Ra6 Rc2+ 44. Kf3 Ra2 0-1

[Event "Europa ch Femenino 2013"]
[Site "Belgrado SER"]
[Date "2013.07.23"]
[Round "1.8"]
[White "Matnadze, Ana"]
[Black "Cherednichenko, Elena"]
[Result "1-0"]
[WhiteElo "2412"]
[BlackElo "2167"]
[PlyCount "104"]
[EventDate "2013.07.23"]
[EventType "swiss"]
[EventRounds "11"]
[EventCountry "SER"]
[Source "lmi"]
[SourceDate "2013.07.22"]

1. d4 d5 2. Nf3 Nf6 3. g3 e6 4. Bg2 Be7 5. c4 c6 6. Qc2 Nbd7 7. O-O O-O 8. Nbd2
b6 9. e4 dxe4 10. Nxe4 Nxe4 11. Qxe4 Bb7 12. Rd1 Qc8 13. Bf4 Re8 14. Nd2 a5 15.
Rac1 a4 16. a3 Ra7 17. Qc2 c5 18. d5 e5 19. Be3 Nf6 20. Nb1 Qd7 21. Nc3 Bd6 22.
Bg5 Bc8 23. Nb5 Ra5 24. Bxf6 gxf6 25. Be4 h6 26. Bf5 Qe7 27. Re1 Kh8 28. Bxc8
Rxc8 29. Qf5 Rg8 30. f4 Bb8 31. Rcd1 Rd8 32. Re4 Ra8 33. Qh5 Kg7 34. f5 Bd6 35.
Rg4+ Kh7 36. Re1 Rd7 37. Ree4 Qe8 38. Qh4 Qd8 39. Qh3 Bf8 40. Rh4 Bg7 41. Reg4
Qf8 42. Nc3 Rdd8 43. Ne4 Qe7 44. Rxg7+ Kxg7 45. Qg4+ Kh7 46. Qh5 Qf8 47. Nxf6+
Kh8 48. Rg4 Qg7 49. Rxg7 Kxg7 50. Ng4 Rh8 51. f6+ Kf8 52. Nxe5 Ke8 1-0

[Event "Europa ch Femenino 2013"]
[Site "Belgrado SER"]
[Date "2013.07.23"]
[Round "1.9"]
[White "Nikoladze, Sopio"]
[Black "Kovalevskaya, Ekaterina"]
[Result "0-1"]
[WhiteElo "2163"]
[BlackElo "2407"]
[PlyCount "100"]
[EventDate "2013.07.23"]
[EventType "swiss"]
[EventRounds "11"]
[EventCountry "SER"]
[Source "lmi"]
[SourceDate "2013.07.22"]

1. d4 Nf6 2. Nf3 c5 3. e3 g6 4. b3 Bg7 5. Bb2 cxd4 6. exd4 d5 7. Bd3 O-O 8.
Nbd2 Nc6 9. a3 Nh5 10. O-O Nf4 11. Ne5 Nxd3 12. cxd3 Bf5 13. Ndf3 Rc8 14. b4
Qb6 15. Qb3 Qb5 16. Rfd1 a5 17. Rd2 Bh6 18. Re2 Nxe5 19. Nxe5 a4 20. Qd1 f6 21.
g4 Bd7 22. Nxd7 Qxd7 23. h3 f5 24. Qe1 fxg4 25. Rxe7 Qf5 26. h4 Rc2 27. Re2
Qxd3 28. Rxc2 Qxc2 29. Bc1 Bg7 30. Qe6+ Kh8 31. Be3 Qf5 32. Qd6 Rc8 33. Re1 h5
34. Bf4 Rf8 35. Be3 Rc8 36. Bf4 Bxd4 37. Re7 Rf8 38. Be5+ Bxe5 39. Qxe5+ Qxe5
40. Rxe5 d4 41. Rd5 Rf3 42. Rxd4 Rxa3 43. Rd8+ Kg7 44. Rd7+ Kf6 45. Rxb7 Rb3
46. b5 a3 47. Kg2 Ke5 48. b6 Kd5 49. Ra7 Kc6 50. Ra8 Kb7 0-1

[Event "Europa ch Femenino 2013"]
[Site "Belgrado SER"]
[Date "2013.07.23"]
[Round "1.10"]
[White "Batsiashvili, Nino"]
[Black "Batyte, Daiva"]
[Result "1/2-1/2"]
[WhiteElo "2405"]
[BlackElo "2161"]
[PlyCount "90"]
[EventDate "2013.07.23"]
[EventType "swiss"]
[EventRounds "11"]
[EventCountry "SER"]
[Source "lmi"]
[SourceDate "2013.07.22"]

1. d4 Nf6 2. c4 e6 3. Nc3 d5 4. Nf3 c6 5. e3 Nbd7 6. Bd3 Bd6 7. O-O h6 8. e4
dxe4 9. Nxe4 Nxe4 10. Bxe4 Nf6 11. Bc2 b6 12. b3 Bb7 13. Bb2 Qc7 14. a3 c5 15.
dxc5 bxc5 16. Bxf6 gxf6 17. Qe2 O-O-O 18. Be4 Ba6 19. Rfd1 f5 20. Bd3 Bb7 21.
b4 Rhg8 22. g3 Qc6 23. Kg2 h5 24. bxc5 Bxc5 25. Rab1 Ba8 26. Rb3 h4 27. Bc2
Rxd1 28. Bxd1 hxg3 29. hxg3 f4 30. Qe5 Qd6 31. Qxd6 Bxd6 32. c5 Bc7 33. Be2
fxg3 34. Ba6+ Kd7 35. Bb7 gxf2+ 36. Kxf2 Bg3+ 37. Ke2 Kc7 38. c6 Rb8 39. Ng5
Bf4 40. Nxf7 Bxb7 41. cxb7 e5 42. Kf3 Rxb7 43. Rxb7+ Kxb7 44. Ke4 Bc1 45. a4
Bb2 1/2-1/2

[Event "Europa ch Femenino 2013"]
[Site "Belgrado SER"]
[Date "2013.07.23"]
[Round "1.11"]
[White "Golubeva, Oksana"]
[Black "Bulmaga, Irina"]
[Result "0-1"]
[WhiteElo "2149"]
[BlackElo "2403"]
[PlyCount "156"]
[EventDate "2013.07.23"]
[EventType "swiss"]
[EventRounds "11"]
[EventCountry "SER"]
[Source "lmi"]
[SourceDate "2013.07.22"]

1. c4 Nf6 2. Nc3 e6 3. e4 d5 4. exd5 exd5 5. d4 dxc4 6. Bxc4 Bd6 7. Nf3 O-O 8.
O-O Bg4 9. Qd3 Nc6 10. Ne2 a6 11. a3 Qd7 12. b4 b5 13. Bb3 a5 14. bxa5 Nxa5 15.
Bc2 Nc4 16. Ng3 g6 17. Nh4 Nd5 18. Ne4 Be7 19. Nc5 Qd8 20. Nf3 Nb4 21. axb4
Rxa1 22. Qc3 Ra8 23. Ne5 Qc8 24. Nxc4 bxc4 25. Qxc4 Bf6 26. d5 Bf5 27. Ne4 Be5
28. Bb3 Qd8 29. Bg5 Qc8 30. Be7 Bxe4 31. Qxe4 Re8 32. Qxe5 Qd7 33. Qf4 Rxe7 34.
h4 Rae8 35. h5 Re4 36. Qd2 Qd6 37. h6 Rh4 38. g3 Rh5 39. b5 Qd7 40. Bd1 Qxd5
41. Qxd5 Rxd5 42. Bf3 Rc5 43. Kg2 Kf8 44. Rd1 Rxb5 45. Bc6 Rb6 46. Bxe8 Kxe8
47. Rd5 Ke7 48. Kf3 Rf6+ 49. Kg2 Rf5 50. Rd1 Rh5 51. g4 Rxh6 52. Re1+ Kd7 53.
Rd1+ Kc8 54. f4 f5 55. g5 Rh5 56. Rc1 h6 57. gxh6 Rxh6 58. Kg3 Rh7 59. Rc6 Rg7
60. Kh4 Kb7 61. Re6 c5 62. Kg5 c4 63. Re5 c3 64. Re1 c2 65. Rc1 Rc7 66. Kxg6
Rc5 67. Kf6 Kb6 68. Ke6 Kc6 69. Kf6 Kd6 70. Kg6 Ke6 71. Kg5 Rc3 72. Kg6 Rg3+
73. Kh5 Rg2 74. Kh4 Kd5 75. Kh3 Rd2 76. Kh4 Ke4 77. Kg3 Kd3 78. Kh4 Rd1 0-1

[Event "Europa ch Femenino 2013"]
[Site "Belgrado SER"]
[Date "2013.07.23"]
[Round "1.31"]
[White "Berke, Ana"]
[Black "Goryachkina, Aleksandra"]
[Result "0-1"]
[WhiteElo "2145"]
[BlackElo "2401"]
[PlyCount "98"]
[EventDate "2013.07.23"]
[EventType "swiss"]
[EventRounds "11"]
[EventCountry "SER"]
[Source "lmi"]
[SourceDate "2013.07.22"]

1. e4 c6 2. d4 d5 3. exd5 cxd5 4. c4 Nf6 5. Nc3 Nc6 6. Nf3 Be6 7. Qb3 dxc4 8.
Bxc4 Bxc4 9. Qxc4 e6 10. O-O Be7 11. Rd1 O-O 12. d5 exd5 13. Nxd5 Nxd5 14. Rxd5
Qb6 15. Rb5 Qa6 16. Bg5 Bxg5 17. Nxg5 h6 18. Ne4 Nd4 19. Rc5 Qxc4 20. Rxc4 Rfd8
21. h3 f5 22. Ng3 Rd7 23. f4 g6 24. Re1 Kf7 25. Kf2 Ne6 26. Nf1 b5 27. Rb4 Nc5
28. Kg1 a6 29. Nh2 Nd3 30. Rd1 Rad8 31. Rb3 Nxf4 32. Rf1 Ne2+ 33. Kf2 Rd2 34.
Ke1 Nc1 35. Re3 Rd1+ 36. Kf2 Nd3+ 37. Ke2 Rxf1 38. Kxf1 Nxb2 39. Nf3 Nc4 40.
Re2 Kf6 41. g4 f4 42. Re4 g5 43. Ke2 Nd6 44. Rb4 Re8+ 45. Kf2 Ne4+ 46. Kg2 Nc3
47. a3 Re2+ 48. Kf1 Re3 49. Nd2 Nd5 0-1

[Event "Europa ch Femenino 2013"]
[Site "Belgrado SER"]
[Date "2013.07.23"]
[Round "1.32"]
[White "Milliet, Sophie"]
[Black "Todorovic, Violeta"]
[Result "1-0"]
[WhiteElo "2396"]
[BlackElo "2117"]
[PlyCount "67"]
[EventDate "2013.07.23"]
[EventType "swiss"]
[EventRounds "11"]
[EventCountry "SER"]
[Source "lmi"]
[SourceDate "2013.07.22"]

1. e4 c5 2. Nf3 e6 3. d4 cxd4 4. Nxd4 Nc6 5. Nc3 d6 6. Be3 Nf6 7. Bc4 Be7 8.
Qe2 O-O 9. O-O-O a6 10. Rhg1 Nxd4 11. Bxd4 b5 12. Bb3 b4 13. Na4 Bb7 14. e5 Nd7
15. exd6 Bg5+ 16. Kb1 Qa5 17. Nc5 Bc6 18. Nxd7 Bxd7 19. g3 Qf5 20. f4 Bf6 21.
Bxf6 Qxf6 22. Bc4 a5 23. Bd3 a4 24. Qe5 Qxe5 25. fxe5 Ra5 26. Rge1 a3 27. b3
Rd5 28. Re4 Rb8 29. Rf1 Bb5 30. Rxb4 Rxd3 31. Rxb5 Rxb5 32. cxd3 Rxe5 33. Rc1
h6 34. d7 1-0

[Event "Europa ch Femenino 2013"]
[Site "Belgrado SER"]
[Date "2013.07.23"]
[Round "1.33"]
[White "Vrabic, Anita"]
[Black "Gaponenko, Inna"]
[Result "0-1"]
[WhiteElo "2112"]
[BlackElo "2393"]
[PlyCount "65"]
[EventDate "2013.07.23"]
[EventType "swiss"]
[EventRounds "11"]
[EventCountry "SER"]
[Source "lmi"]
[SourceDate "2013.07.22"]

1. e4 c5 2. Nf3 d6 3. d4 cxd4 4. Nxd4 Nf6 5. Nc3 g6 6. Be3 Bg7 7. f3 O-O 8. Bc4
Nc6 9. Qd2 Bd7 10. Bb3 Rc8 11. O-O-O Nxd4 12. Bxd4 b5 13. Nd5 Nxd5 14. Bxg7
Kxg7 15. exd5 a5 16. Qd4+ Kg8 17. a3 b4 18. axb4 axb4 19. g4 Qa5 20. Rhe1 Ba4
21. Rd3 Rc7 22. Bxa4 Qxa4 23. b3 Qa3+ 24. Qb2 Rfc8 25. Re2 Qa5 26. Kd1 Rc3 27.
Red2 Qa7 28. Re2 Qa5 29. Red2 Qc5 30. h4 Qg1+ 31. Ke2 Qh2+ 32. Ke3 Qxh4 33. Qb1
0-1

[Event "Europa ch Femenino 2013"]
[Site "Belgrado SER"]
[Date "2013.07.23"]
[Round "1.34"]
[White "Zawadzka, Jolanta"]
[Black "Bokuchava, Madona"]
[Result "1-0"]
[WhiteElo "2393"]
[BlackElo "2109"]
[PlyCount "65"]
[EventDate "2013.07.23"]
[EventType "swiss"]
[EventRounds "11"]
[EventCountry "SER"]
[Source "lmi"]
[SourceDate "2013.07.22"]

1. e4 c5 2. Nf3 Nc6 3. d4 cxd4 4. Nxd4 g6 5. c4 Bg7 6. Be3 Nf6 7. Nc3 O-O 8.
Be2 d6 9. O-O Bd7 10. f3 Nxd4 11. Bxd4 Bc6 12. Qd2 Nd7 13. Be3 a5 14. b3 Nc5
15. Rab1 Qb6 16. Rfc1 Qb4 17. Rc2 Qa3 18. Bf1 Rfc8 19. Qf2 Na6 20. Ne2 Bd7 21.
Nf4 Be6 22. h4 Nb4 23. Re2 Nc6 24. h5 Ne5 25. hxg6 hxg6 26. Qg3 a4 27. Nxe6
fxe6 28. f4 Nd7 29. Qxg6 Nf8 30. Qg4 axb3 31. Rxb3 Qa5 32. Bd4 e5 33. Rg3 1-0

[Event "Europa ch Femenino 2013"]
[Site "Belgrado SER"]
[Date "2013.07.23"]
[Round "1.35"]
[White "Khalafova, Narmin"]
[Black "Foisor, Cristina-Adela"]
[Result "1-0"]
[WhiteElo "2107"]
[BlackElo "2387"]
[PlyCount "79"]
[EventDate "2013.07.23"]
[EventType "swiss"]
[EventRounds "11"]
[EventCountry "SER"]
[Source "lmi"]
[SourceDate "2013.07.22"]

1. e4 c5 2. Nf3 a6 3. b3 Nc6 4. Bb2 d6 5. d4 Bg4 6. d5 Ne5 7. Be2 Bxf3 8. Bxf3
Nf6 9. Nd2 Ned7 10. g4 h6 11. h4 g6 12. g5 hxg5 13. hxg5 Rxh1+ 14. Bxh1 Nh5 15.
Qg4 Bg7 16. Bxg7 Nxg7 17. Qh4 Nf8 18. O-O-O Qa5 19. Kb2 b5 20. c4 Rb8 21. Bf3
bxc4 22. Nxc4 Qb4 23. Rc1 a5 24. Qh8 Nh5 25. Bxh5 gxh5 26. e5 dxe5 27. Qxe5 Ng6
28. Qe4 a4 29. f4 Rd8 30. f5 a3+ 31. Kb1 Qb7 32. fxg6 Qxd5 33. gxf7+ Kf8 34.
Qxd5 Rxd5 35. g6 Rg5 36. Rd1 Rxg6 37. Rd8+ Kxf7 38. Ne5+ Kf6 39. Nxg6 Kxg6 40.
Rd5 1-0

[Event "Europa ch Femenino 2013"]
[Site "Belgrado SER"]
[Date "2013.07.23"]
[Round "1.36"]
[White "Ovod, Evgenija"]
[Black "Petrovic, Marija"]
[Result "1-0"]
[WhiteElo "2386"]
[BlackElo "2104"]
[PlyCount "67"]
[EventDate "2013.07.23"]
[EventType "swiss"]
[EventRounds "11"]
[EventCountry "SER"]
[Source "lmi"]
[SourceDate "2013.07.22"]

1. d4 d5 2. c4 c6 3. Nf3 Nf6 4. Nc3 Bf5 5. cxd5 cxd5 6. Qb3 Qb6 7. Nxd5 Nxd5 8.
Qxd5 e6 9. Qb3 Qxb3 10. axb3 Bc2 11. Bd2 Nc6 12. Bc3 Bxb3 13. e4 f6 14. Nd2 Bc2
15. Bb5 a6 16. Ke2 Rc8 17. Bxc6+ Rxc6 18. Rhc1 b5 19. Rxc2 b4 20. Kd3 bxc3 21.
bxc3 Bd6 22. Rca2 Kd7 23. Rxa6 Rxa6 24. Rxa6 g5 25. e5 fxe5 26. Ne4 Bb8 27.
Nc5+ Kc8 28. Rc6+ Kd8 29. Nxe6+ Kd7 30. d5 g4 31. Ke4 h5 32. Nc5+ Ke7 33. Re6+
Kf7 34. Nd7 1-0

[Event "Europa ch Femenino 2013"]
[Site "Belgrado SER"]
[Date "2013.07.23"]
[Round "1.37"]
[White "Novkovic, Julia"]
[Black "Arakhamia-Grant, Ketevan"]
[Result "1/2-1/2"]
[WhiteElo "2102"]
[BlackElo "2385"]
[PlyCount "181"]
[EventDate "2013.07.23"]
[EventType "swiss"]
[EventRounds "11"]
[EventCountry "SER"]
[Source "lmi"]
[SourceDate "2013.07.22"]

1. e4 c5 2. Nf3 e6 3. d4 cxd4 4. Nxd4 a6 5. Nc3 Qc7 6. Bd3 Nf6 7. Qe2 d6 8. O-O
Nbd7 9. Bd2 Be7 10. Kh1 b5 11. a4 b4 12. Na2 Qb6 13. f4 Bb7 14. Nf3 d5 15. e5
Ne4 16. a5 Qxa5 17. Nxb4 Qb6 18. Nxa6 Nxd2 19. Nxd2 g6 20. Nb3 O-O 21. Ra5 Ra7
22. Rfa1 Rfa8 23. h3 Kg7 24. Kh2 Bc8 25. g3 h5 26. h4 Bf8 27. Kh3 Be7 28. Kh2
Bf8 29. Kh3 Kg8 30. Kh2 Be7 31. Kh3 Nf8 32. Qf1 Nd7 33. Qe2 Kg7 34. Kh2 f6 35.
Rb5 Qd8 36. Nac5 Nxc5 37. Rxa7 Rxa7 38. Nxc5 f5 39. Qf2 d4 40. b4 Ra1 41. Nb3
Rb1 42. Nxd4 Bd7 43. Qg2 Rxb4 44. Rxb4 Bxb4 45. Qb7 Be7 46. c3 Kf7 47. Bc4 Qc8
48. Qxc8 Bxc8 49. Kg2 Ba3 50. Kf2 Bb2 51. Ne2 Bb7 52. Ke3 Ke7 53. Kd2 Ba3 54.
Nd4 Bc5 55. Kc2 Bc8 56. Kb3 Bd7 57. Ba6 Kd8 58. Kc4 Bb6 59. Bb5 Bc8 60. Kb4 Ke7
61. Bc6 Ba6 62. Bf3 Bd3 63. Bd1 Be4 64. Bb3 Bg2 65. Kb5 Ba7 66. Bd1 Be4 67. Be2
Bg2 68. Kc4 Be4 69. Bf1 Bb6 70. Kb3 Bc5 71. Bb5 Bd5+ 72. Kc2 Bb6 73. Kd2 Kf7
74. Kd3 Be4+ 75. Ke2 Bd5 76. Nc2 Ke7 77. Ne1 Be4 78. Bd3 Bc6 79. Nc2 Bc5 80.
Bc4 Bd7 81. Nd4 Bc8 82. Nb3 Bb6 83. Bb5 Bb7 84. c4 Bg1 85. Ba4 Ba6 86. Bb5 Bb7
87. c5 Bd5 88. c6 Kd8 89. Na5 Kc7 90. Nc4 Bc5 91. Ne3 1/2-1/2

[Event "Europa ch Femenino 2013"]
[Site "Belgrado SER"]
[Date "2013.07.23"]
[Round "1.38"]
[White "Melamed, Tatjana"]
[Black "Coimbra, Margarida"]
[Result "1/2-1/2"]
[WhiteElo "2384"]
[BlackElo "2093"]
[PlyCount "93"]
[EventDate "2013.07.23"]
[EventType "swiss"]
[EventRounds "11"]
[EventCountry "SER"]
[Source "lmi"]
[SourceDate "2013.07.22"]

1. e4 e5 2. Nf3 Nc6 3. Bb5 a6 4. Ba4 Nf6 5. O-O b5 6. Bb3 Bc5 7. c3 d6 8. a4
Bb7 9. d4 Bb6 10. Bg5 h6 11. Bxf6 Qxf6 12. Bd5 O-O 13. Na3 exd4 14. cxd4 Ra7
15. Nc2 bxa4 16. Rxa4 a5 17. Re1 Ne7 18. Bxb7 Rxb7 19. Ne3 Rd8 20. Qc2 Rbb8 21.
h3 d5 22. e5 Qe6 23. Ra3 Nc6 24. Nf5 Nb4 25. Qb1 c5 26. Rc3 c4 27. N3h4 Nd3 28.
Rxd3 cxd3 29. Qxd3 g5 30. Nf3 Rd7 31. g4 Bd8 32. b3 Rdb7 33. Nd2 Rb4 34. Rc1
R4b7 35. Kg2 Rc7 36. Ra1 Rc6 37. Nd6 Be7 38. Rxa5 Bxd6 39. exd6 Rxd6 40. Ra7
Rd7 41. Ra6 Rd6 42. Ra7 Rdb6 43. Qg3 Qd6 44. Qf3 Qe6 45. Qg3 Qd6 46. Qf3 Qe6
47. Qg3 1/2-1/2

[Event "Europa ch Femenino 2013"]
[Site "Belgrado SER"]
[Date "2013.07.23"]
[Round "1.39"]
[White "Kruljac, Petra"]
[Black "Shadrina, Tatiana"]
[Result "0-1"]
[WhiteElo "2092"]
[BlackElo "2377"]
[PlyCount "96"]
[EventDate "2013.07.23"]
[EventType "swiss"]
[EventRounds "11"]
[EventCountry "SER"]
[Source "lmi"]
[SourceDate "2013.07.22"]

1. d4 Nf6 2. c4 e6 3. Nc3 Bb4 4. Qc2 O-O 5. a3 Bxc3+ 6. Qxc3 b6 7. Bg5 Bb7 8.
f3 h6 9. Bh4 d5 10. e3 Nbd7 11. Bd3 c5 12. b3 Rc8 13. Ne2 cxd4 14. exd4 Ne4 15.
Bxd8 Nxc3 16. Bh4 Nxe2 17. Kxe2 dxc4 18. bxc4 Ba6 19. Rac1 e5 20. d5 g5 21. Be1
f5 22. Bb4 Rf7 23. Kd2 e4 24. fxe4 fxe4 25. Bxe4 Ne5 26. Rc3 Nxc4+ 27. Kc1 Bb7
28. Rc2 a5 29. Be1 Rf4 30. Bf3 b5 31. Bg3 Rd4 32. Bf2 Rd3 33. Bg4 Rd8 34. Be6+
Kg7 35. a4 Bxd5 36. Bxd5 R8xd5 37. axb5 Ra3 38. Rxc4 Ra1+ 39. Kc2 Rxh1 40. b6
Rb5 41. Bd4+ Kf7 42. Rc6 Rxh2 43. Rc7+ Ke6 44. b7 Rxg2+ 45. Kc1 Kd6 46. Rh7 Kc6
47. Bc3 Rxb7 48. Rxh6+ Kb5 0-1

[Event "Europa ch Femenino 2013"]
[Site "Belgrado SER"]
[Date "2013.07.23"]
[Round "1.40"]
[White "Vojinovic, Jovana"]
[Black "Bogumil, Tatiana"]
[Result "1-0"]
[WhiteElo "2376"]
[BlackElo "2084"]
[PlyCount "65"]
[EventDate "2013.07.23"]
[EventType "swiss"]
[EventRounds "11"]
[EventCountry "SER"]
[Source "lmi"]
[SourceDate "2013.07.22"]

1. d4 e6 2. c4 f5 3. Nc3 Nf6 4. Nf3 d6 5. Qc2 Be7 6. e4 fxe4 7. Nxe4 Nc6 8.
Neg5 a5 9. a3 O-O 10. d5 exd5 11. cxd5 h6 12. dxc6 hxg5 13. Qb3+ d5 14. cxb7
Bxb7 15. Qxb7 g4 16. Qc6 gxf3 17. Qe6+ Rf7 18. gxf3 Bc5 19. Bd3 Qd6 20. O-O Re8
21. Qxd6 Bxd6 22. Bd2 a4 23. Rfe1 Rfe7 24. Bf1 Rb8 25. Rxe7 Bxe7 26. Bc3 c5 27.
Be5 Rb3 28. Rd1 Rxf3 29. Bb5 Rf5 30. Bg3 Ne4 31. Bc6 Nxg3 32. hxg3 d4 33. Bxa4
1-0

[Event "Europa ch Femenino 2013"]
[Site "Belgrado SER"]
[Date "2013.07.23"]
[Round "1.41"]
[White "Velickovski-Nejkovic, Maja"]
[Black "Majdan-Gajewska, Joanna"]
[Result "1-0"]
[WhiteElo "2083"]
[BlackElo "2375"]
[PlyCount "113"]
[EventDate "2013.07.23"]
[EventType "swiss"]
[EventRounds "11"]
[EventCountry "SER"]
[Source "lmi"]
[SourceDate "2013.07.22"]

1. c4 e5 2. Nc3 d6 3. Nf3 f5 4. d3 Nf6 5. g3 Be7 6. Bg2 O-O 7. O-O Qe8 8. c5
Kh8 9. cxd6 Bxd6 10. d4 e4 11. Ne5 Be6 12. f3 exf3 13. exf3 Nc6 14. f4 Rd8 15.
Qa4 Ne4 16. Nxc6 bxc6 17. Nxe4 fxe4 18. Re1 c5 19. Qxe8 Rfxe8 20. dxc5 Bxc5+
21. Be3 Bb4 22. Rec1 Rd3 23. Bxa7 Bf5 24. a3 Bd2 25. Rxc7 e3 26. Bc6 Red8 27.
Re7 h5 28. Bf3 Bg4 29. Bxg4 hxg4 30. Kf1 R8d5 31. Rb1 Rh5 32. Kg2 Kh7 33. a4
Bb4 34. Rxe3 Rd2+ 35. Kf1 Rhxh2 36. Re5 Rd3 37. Kg1 Rc2 38. Be3 Bd6 39. Rh5+
Kg8 40. Bf2 Rf3 41. Rh2 Kf7 42. a5 Ke6 43. Rg2 Rfxf2 44. Rxf2 Bc5 45. Rbf1 Rxb2
46. Kg2 Bxf2 47. Rxf2 Rb5 48. Ra2 Kd5 49. a6 Rb8 50. a7 Ra8 51. Kf2 Ke4 52. Ke2
Kd4 53. Ra4+ Kd5 54. Kd3 g6 55. Ra5+ Kd6 56. Kd4 Kd7 57. Ra6 1-0

[Event "Europa ch Femenino 2013"]
[Site "Belgrado SER"]
[Date "2013.07.23"]
[Round "1.42"]
[White "Kovanova, Baira"]
[Black "Miladinovic, Lena"]
[Result "1-0"]
[WhiteElo "2371"]
[BlackElo "2083"]
[PlyCount "53"]
[EventDate "2013.07.23"]
[EventType "swiss"]
[EventRounds "11"]
[EventCountry "SER"]
[Source "lmi"]
[SourceDate "2013.07.22"]

1. e4 c5 2. Nf3 e6 3. g3 b6 4. Bg2 Bb7 5. Nc3 d6 6. O-O Nf6 7. Re1 a6 8. d4
cxd4 9. Nxd4 Qc7 10. Bg5 Nbd7 11. Nd5 exd5 12. exd5+ Kd8 13. Qe2 Ne5 14. f4 Qc5
15. fxe5 Qxd4+ 16. Be3 Qb4 17. exf6 Kc7 18. c3 Qb5 19. c4 Qb4 20. a3 Qb3 21.
Qf2 g6 22. Rac1 Bc8 23. Rc3 Qa4 24. Bxb6+ Kb7 25. c5 dxc5 26. Bxc5 Bxc5 27.
Qxc5 1-0

[Event "Europa ch Femenino 2013"]
[Site "Belgrado SER"]
[Date "2013.07.23"]
[Round "1.43"]
[White "Nonkovic, Bogdana"]
[Black "Romanko, Marina"]
[Result "0-1"]
[WhiteElo "2081"]
[BlackElo "2368"]
[PlyCount "54"]
[EventDate "2013.07.23"]
[EventType "swiss"]
[EventRounds "11"]
[EventCountry "SER"]
[Source "lmi"]
[SourceDate "2013.07.22"]

1. Nf3 d5 2. d4 Nf6 3. c4 c6 4. e3 Bg4 5. h3 Bh5 6. cxd5 cxd5 7. Qa4+ Nc6 8.
Ne5 Qb6 9. Nc3 e6 10. a3 Bg6 11. Be2 Bd6 12. Nxc6 bxc6 13. b4 O-O 14. O-O a5
15. b5 Rfc8 16. Bd2 h5 17. Rfc1 c5 18. Qb3 c4 19. Qa4 h4 20. Be1 Qd8 21. f4 Nd7
22. Qd1 a4 23. Nxa4 Rcb8 24. b6 Be7 25. Ra2 Nxb6 26. Nxb6 Qxb6 27. a4 Qb3 0-1

[Event "Europa ch Femenino 2013"]
[Site "Belgrado SER"]
[Date "2013.07.23"]
[Round "1.44"]
[White "Savina, Anastasia"]
[Black "Imeeva, Aisa"]
[Result "1-0"]
[WhiteElo "2368"]
[BlackElo "2079"]
[PlyCount "99"]
[EventDate "2013.07.23"]
[EventType "swiss"]
[EventRounds "11"]
[EventCountry "SER"]
[Source "lmi"]
[SourceDate "2013.07.22"]

1. d4 Nf6 2. c4 e6 3. Nf3 b6 4. g3 Bb7 5. Bg2 Be7 6. Nc3 O-O 7. Qc2 d5 8. cxd5
Nxd5 9. O-O Nc6 10. a3 Rc8 11. Bd2 Bf6 12. e4 Nxc3 13. bxc3 Na5 14. Rfd1 Nc4
15. e5 Be7 16. Ng5 Bxg5 17. Bxg5 Qxg5 18. Bxb7 Rb8 19. Be4 g6 20. Qa2 b5 21. a4
a6 22. Bc6 Nb6 23. axb5 axb5 24. Rab1 Na4 25. Qc2 Qf5 26. Qxf5 gxf5 27. Rdc1
Rb6 28. Bxb5 Rfb8 29. Ra1 Nc5 30. Bc4 Ne4 31. Bd3 Nd2 32. Ra2 Rb2 33. Rxb2 Rxb2
34. Kg2 Nb3 35. Rb1 Rd2 36. Bb5 Na5 37. Ra1 Nb3 38. Rb1 Na5 39. Ra1 Nb3 40.
Ra8+ Kg7 41. Rc8 c5 42. Bc4 Nxd4 43. cxd4 cxd4 44. Rd8 Kg6 45. Kf1 f6 46. exf6
Kxf6 47. Ke1 Rb2 48. Rd6 Kg5 49. Bxe6 Rb8 50. h4+ 1-0